000 01144njm a2200253 i 4500
001 4805
003 ES-MaACL
005 20240604164559.0
007 s|r|||||||||||
008 070816s1976 sp ||| g ||||||||1|nspa d
100 1 _aRementería Arana, José Ramón.
_996127
245 1 0 _aIniciación al valor de los sonidos en el lenguaje y su aplicación e los nombres de poblaciones vascas [
_hGrabación sonora] /
_cinterviene José Ramón Rementería Arana.
260 _aMadrid :
_bAteneo de Madrid,
_c1976.
300 _a2 discos (CD-DA) (1 h. 17 min. 48 seg.) ;
_c12 cm.
500 _aDatos basados en la invitación.
518 _aActo organizado por el Aula de Literatura Vasca del Ateneo de Madrid, grabado en la sala de conferencias el lunes 26 de abril de 1976, a las 20:00 h.
610 2 4 _aAteneo de Madrid-
_xActos culturales-
_y1976-
_vGrabaciones sonoras.
_91886
650 1 4 _aLengua vasca-
_xLexicología.
_914338
710 2 _aAteneo de Madrid.
_bAula de Literatura Vasca.
_91946
852 _aES-MaACL
_cROT
_jROT 3/7/17
_94922
852 _aES-MaACL
_cROT
_jROT 3/7/18
_9203076
942 _2udc
_cCDROM
999 _c4805
_d4805